00437nam a2200145Ia 4500008004100000041000900041082001500050100002600065245002600091260004800117300000900165650000800174999001700182952009200199230718s9999 xx 000 0 und d aEng. a340bJ-A-P aJ-Anwar-ul-Haq-Maulvi 0aPakistan law journal  aPakistanbAll Pakistan Legal Decisionc2008 a1088 aLaw c27479d27479 00104070aSIRC-LbSIRC-Ld2023-07-18l0o340 J-A-Pp22431r2023-07-18w2023-07-18yBK